États américains constitués d'éléments - Statistiques

Statistiques générales
  • Ce quiz a été pris 110 fois
  • Le résultat moyen est 4 sur 6
Statistiques - réponses
Element Etat % Correct
Oxygène + Hydrogène + Iode + Oxygène Ohio
99%
Uranium + Tantale + Hydrogène Utah
93%
Molybdène + Azote + Tantale + Sodium Montana
71%
Néon + Tungstènen + Hydrogène + Americium + Phosphore + Soufre + Hydrogène + Iode + Rhenium New Hampshire
58%
Tungstène + Iode + Soufre + Cobalt + Azote + Soufre + Indium Wisconsin
58%
Tungstène + Iode + Scandium + Oxygène + Azote + Silicium + Azote Wisconsin
58%
Aucun quiz correspondant
Distribution des résultats
% des personnes avec chaque résultat
Percentile par nombre de réponses
Votre historique - résultats
Vous n’avez pas pris ce quiz